Statistics for Biggest cities in Belgium

Click here to take the quiz!

General Stats

  • This quiz has been taken 21 times
  • The average score is 6 of 8

Answer Stats

PopulationCities% Correct
440.296Brussels
100%
529.417Antwerp
95%
118.467Bruges
85%
263.703Ghent
85%
196.296Liege
85%
201.837Charleroi
80%
101.032Leuven
40%
111.603Namur
40%

Score Distribution

Percentile by Number Answered

Percent of People with Each Score

Your Score History

You have not taken this quiz